| 000 | 00375nam a22001217a 4500 | ||
|---|---|---|---|
| 082 | _a200 THE | ||
| 100 |
_aSidra Farooq _970011 |
||
| 245 | _aTH-SOF-1664-Automated Code Smell Detection using Metrics Based Approach | ||
| 260 |
_aISLAMABAD _bNUST COLLEGE OF EME _c2019 |
||
| 650 |
_aMS-CSE-15 MSTHESIS _969366 |
||
| 700 |
_aSupervisor Dr. Wasi Haider Butt _969491 |
||
| 942 | _cCF | ||
| 999 |
_c577068 _d577068 |
||